00422pam a2200121 a 4500020002400000040000800024082002700032100002500059245011600084260005100200300002900251500002000280 a0962813753 (pbk.) : cDLC00a915 STO 1992 A099 Or.1 aNorthup, Charles H.,14aThe Japan vacation planner :bhow to be your own tour guide, spend less, enjoy more, and go anywhere you want / aBerkeley, Calif. :bStone Bridge Press,c1992. a168 p. :bill. ;c24 cm. aIncludes index.